| 000 | 00363 a2200157 4500 | ||
|---|---|---|---|
| 999 |
_c4041 _d4041 |
||
| 020 | _a0340758201 | ||
| 050 | _aKIL68 MAR 2001 | ||
| 100 |
_aMartin, Jacqueline _eauthor |
||
| 245 |
_aLaw/ _cJacqueline Martin |
||
| 250 | _a2nd ed. | ||
| 264 |
_aOxon _bHodder _c2001 |
||
| 300 | _a238p.: | ||
| 500 | _alaw | ||
| 650 | _alaw | ||
| 942 |
_2lcc _cBK _e2nd ed. _h68 _iMAR _kKIL |
||